000 00359nam a22001217a 4500
999 _c2408
_d2408
005 20200914150621.0
008 200914b ||||| |||| 00| 0 eng d
020 _a18960
040 _cCML
245 _aThe Interpretation of Dreams.
_cFreud, S.
260 _aLondon
_bGeorge Allen and Unwin LTD
_c1954
942 _2ddc
_cBK
_e1st Edition
_h154
_mFRE